| 000 | 00593nam a2200193 a 4500 | ||
|---|---|---|---|
| 005 | 20140412111320.0 | ||
| 008 | 010404s19uu xx 00 eng d | ||
| 020 | _a0-7498-0798-9 | ||
| 050 |
_aER _bTr67 1992 |
||
| 245 |
_aTravel songs / _cillustrated by Heather Clarke. |
||
| 260 |
_aManchester : _bWorld International Publishing Limited, _c1992. |
||
| 300 | _a1 v. (unp.) ; ill. | ||
| 520 | _aMake long journeys fly by with this collection of delightful traditional songs. | ||
| 650 | _aSongs for children | ||
| 999 |
_c104370 _d104370 |
||